000 00715nam a2200265Ia 4500
005 20260121170452.0
008 008 260114s9999 xx 000 0 eng d
020 _a9783319769264
037 _aEBOOK
040 _aCRL
040 _beng
040 _cCRL
041 _2eng
041 _aeng
084 _qCRL
100 _aDavid Cairns, Ewa Krzaklewska, Valentina Cuzzocrea, Airi-Alina Allaste
_91064264
245 0 _aMobility, Education and Employability in the European Union
260 _bSpringer
260 _bSpringer
260 _c2018
856 _uhttps://link.springer.com/openurl?genre=book&isbn=978-3-319-76926-4
942 _cEBOOK
999 _c1629993
_d1629993